| 000 | 00951nam a22001697a 4500 | ||
|---|---|---|---|
| 008 | 120422s1996 mm|||||r|||| 000 0 ara d | ||
| 082 |
_a363.31 _bك و د |
||
| 100 |
_929694 _aكودارد ، دونالد |
||
| 245 |
_aفي قبضة الأخطبوط : _bمن بيروت إلى لوكربي : خفايا المخابرات العسكرية الأمريكية / _cدونالد كودارد ، ليستر نوكس كولمان |
||
| 260 |
_aمالطا : _bمؤسسة آدم، _c1996 |
||
| 300 |
_a391 ص : _bأيض ؛ _c22 سم |
||
| 500 | _aصدر لأول مرة باللغة الإنجليزية ببريطانيا، 1993 | ||
| 651 |
_921751 _aالولايات المتحدة الأمريكية _xوكالة المخابرات |
||
| 700 |
_929695 _aكولمان ، ليستر نوكس |
||
| 942 |
_2ddc _cBB |
||
| 999 |
_c16676 _d16676 |
||